Darts Weltmeister - Statistiken

Allgemein
  • Dieses Quiz wurde 913 mal gespielt
  • Das Durchschnittsergebnis liegt bei 27 aus 32
Antwortstatistiken
Jahr Weltmeister % Korrekt
1995 Phil Taylor
97%
1996 Phil Taylor
97%
1997 Phil Taylor
97%
1998 Phil Taylor
97%
1999 Phil Taylor
97%
2000 Phil Taylor
97%
2001 Phil Taylor
97%
2002 Phil Taylor
97%
2004 Phil Taylor
97%
2005 Phil Taylor
97%
2006 Phil Taylor
97%
2009 Phil Taylor
97%
2010 Phil Taylor
97%
2013 Phil Taylor
97%
2025 Luke Littler
94%
2014 Michael van Gerwen
94%
2017 Michael van Gerwen
94%
2019 Michael van Gerwen
94%
2024 Luke Humphries
88%
2023 Michael Smith
83%
2020 Peter Wright
81%
2022 Peter Wright
81%
2015 Gary Anderson
80%
2016 Gary Anderson
80%
2021 Gerwyn Price
78%
2018 Rob Cross
72%
2007 Raymond van Barneveld
66%
2011 Adrian Lewis
63%
2012 Adrian Lewis
63%
2003 John Part
37%
2008 John Part
37%
1994 Dennis Priestley
25%
Keine übereinstimmenden Quizze gefunden
Verteilung der Resultate
Anzahl Personen mit jedem Resultat
Perzentil nach korrekt beantworteten Fragen
Ihre Resultats-Entwicklung
Sie haben dieses Quiz noch nicht gespielt